National Parks by Picture Quiz Stats

Quiz not verified by Sporcle

Also try: States of Germany
Challenge
Share
Tweet
 photo PinnaclesNationalPark_zpse90614dc.jpg  photo GreatSandDunesNationalPark_zpscb5f2380.jpg  photo lassenvolcanic_zpsc92172a4.jpg  photo mtrainier_zps3f959978.jpg  photo denali_zps1f52526e.jpg  photo Arches_zps6d4d31cb.jpg  photo CapitolReef_zps1c8fe845.jpg  photo HawaiiVolcanoes_zps557e260e.jpg  photo Redwood_zps34bfeb5d.jpg  photo TheodoreRoosevelt_zps279f995d.jpg  photo Shenandoah_zpsdece076d.jpg  photo GreatSmokyMountains_zpsa92caa21.jpg  photo Congaree_zpsdde9a475.jpg photo KobukValley_zps91976b9f.jpg photo Katmai_zps27fc003e.jpg
Score 0/15 Timer 04:00
0 Plays Today
Number National Park % Correct
6Arches
96.5%
9Redwood
84.9%
5Denali
82.7%
8Hawaii Volcanoes
80.8%
12Great Smoky Mountains
79.1%
2Great Sand Dunes
76.3%
4Mount Rainier
72.8%
11Shenandoah
61%
Number National Park % Correct
13Congaree
59.9%
1Pinnacles
55.2%
7Capitol Reef
47.7%
14Kobuk Valley
40.7%
15Katmai
40.7%
3Lassen Volcanic
33.5%
10Theodore Roosevelt
31.4%

You're not logged in!

Compare scores with friends on all Sporcle quizzes.
Sign Up with Email
OR
Log In

You Might Also Like...

Show Comments

Extras

Top Quizzes Today


Score Distribution

Your Account Isn't Verified!

In order to create a playlist on Sporcle, you need to verify the email address you used during registration. Go to your Sporcle Settings to finish the process.